Price statistics of agricultural commodities (Record no. 19906)

MARC details
000 -LEADER
fixed length control field 00311nam a2200109Ia 4500
082 ## - DEWEY DECIMAL CLASSIFICATION NUMBER
Classification number 31:631(540)
Item number IND
245 #0 - TITLE STATEMENT
Title Price statistics of agricultural commodities
260 ## - PUBLICATION, DISTRIBUTION, ETC. (IMPRINT)
Place of publication New Delhi
Name of publisher Ministry of Agriculture
Year of publication 1950
650 ## - SUBJECT ADDED ENTRY--TOPICAL TERM
Topical Term Price statistics
942 ## - ADDED ENTRY ELEMENTS (KOHA)
Koha item type Books
Holdings
Withdrawn status Lost status Damaged status Not for loan Home library Current library Date acquired Source of acquisition Full call number Accession Number Koha item type
        RRII Library RRII Library 16/12/2021 Auction 31:631(540) IND 00634 Books